Online Catalogue and eLibrary

Development and change : (Record no. 2930)

MARC details
000 -LEADER
fixed length control field 00398nam a2200157Ia 4500
005 - DATE AND TIME OF LATEST TRANSACTION
control field 20240607064819.0
008 - FIXED-LENGTH DATA ELEMENTS--GENERAL INFORMATION
fixed length control field 240331s9999 xx 000 0 und d
020 ## - INTERNATIONAL STANDARD BOOK NUMBER
ISBN 0012155X
082 ## - DDC Classification
Item Number - Author Mark DEV
Class No. 362
100 ## - MAIN ENTRY--PERSONAL NAME
Personal name SAGE. ed
245 #0 - TITLE STATEMENT
Title Development and change :
Remainder of title Vol.14, No.4, October 1983
260 ## - PUBLICATION, DISTRIBUTION, ETC.
Place of publication, distribution, etc. London
Name of publisher, distributor, etc. SAGE Publications
Date of publication, distribution, etc. 1983
300 ## - PHYSICAL DESCRIPTION
Extent (e.g. Volumes, Pages etc.) 628 p.,
650 ## - SUBJECT ADDED ENTRY--TOPICAL TERM
Topical term or geographic name entry element Development
942 ## - Koha item type (Biblio)
Koha item type Books in Stacks (Lending)
Holdings
Lost status Damaged status Collection code Home library Current library Shelving location Date acquired Full call number Accession Number Item type
    Lending WERC Library WERC Library Social Science Cupboard 03/31/2024 362.8 DEV 1566 Books in Stacks (Lending)

© WERC Library